|
|
|
|
| LEADER |
00000cam a2200000 7i4500 |
| 001 |
0000012911 |
| 005 |
20080104.0 |
| 008 |
080104 |
| 020 |
|
|
|a 9839422472
|
| 090 |
0 |
0 |
|a 297
|b PRO
|
| 245 |
1 |
0 |
|a Prof. Dr. Hamka :
|b Membahas kemusykilan agama
|c penyusun H.Rusydi Hamka & Afif Hamka
|
| 260 |
|
|
|a Selangor :
|b Pustaka Dini ,
|c 2002
|
| 650 |
|
0 |
|a Islam
|
| 650 |
|
0 |
|a Islam
|x Miscellanea
|
| 700 |
0 |
|
|a Afif Hamka
|
| 700 |
0 |
|
|a H.Rusydi Hamka
|
| 710 |
0 |
|
|a Title
|
| 999 |
|
|
|a 0001009114
|b Book
|c Adult Collection
|e Perbadanan Perpustakaan Awam Johor
|
| 999 |
|
|
|a 0001009115
|b Book
|c Adult Collection
|e Perbadanan Perpustakaan Awam Johor
|
| 999 |
|
|
|a 0001009116
|b Book
|c Adult Collection
|e Perbadanan Perpustakaan Awam Johor
|